Statistics for Countries of the World Quiz in 30 Minutes

Click here to take the quiz!

General Stats

  • This quiz has been taken 1,101 times
  • The average score is 150 of 196

Answers on the Map

Answers color-coded by a green-red scale on the quiz's map according to % correct below.
 

Answer Stats

Country% Correct
United States
95%
Canada
94%
United Kingdom
94%
France
93%
Mexico
93%
Russia
93%
Brazil
92%
China
92%
Germany
92%
Spain
92%
Italy
91%
Argentina
90%
Australia
90%
Chile
90%
Denmark
90%
Finland
90%
India
90%
Iceland
89%
Ireland
89%
Japan
89%
Portugal
89%
Ukraine
89%
North Korea
88%
Norway
88%
Poland
88%
South Korea
88%
Sweden
88%
Austria
87%
Egypt
87%
Greece
87%
Iran
87%
Turkey
87%
Colombia
86%
Iraq
86%
Mongolia
86%
Netherlands
86%
New Zealand
86%
Peru
86%
South Africa
86%
Belgium
85%
Cuba
85%
Niger
85%
Pakistan
85%
Saudi Arabia
85%
Switzerland
85%
Uruguay
85%
Afghanistan
84%
Algeria
84%
Democratic Republic
of the Congo
84%
Indonesia
84%
Kazakhstan
84%
Madagascar
84%
Morocco
84%
Hungary
83%
Thailand
83%
Vietnam
83%
Bangladesh
82%
Bolivia
82%
Nepal
82%
Nigeria
82%
Romania
82%
Slovakia
82%
Albania
81%
Belarus
81%
Chad
81%
Croatia
81%
Estonia
81%
Israel
81%
Latvia
81%
Paraguay
81%
Philippines
81%
Venezuela
81%
Yemen
81%
Dominican Republic
80%
Libya
80%
Mali
80%
Oman
80%
Republic of the Congo
80%
Sudan
80%
United Arab Emirates
80%
Czech Republic
79%
Ecuador
79%
Lithuania
79%
Panama
79%
Slovenia
79%
South Sudan
79%
Sri Lanka
79%
Syria
79%
Georgia
78%
Haiti
78%
Jamaica
78%
Qatar
78%
Taiwan
78%
Uzbekistan
78%
Armenia
77%
Bulgaria
77%
Cyprus
77%
Dominica
77%
Ethiopia
77%
Ghana
77%
Jordan
77%
Laos
77%
Malaysia
77%
Papua New Guinea
77%
Serbia
77%
Vatican City
77%
Andorra
76%
Cambodia
76%
Kenya
76%
Tunisia
76%
Bahamas
75%
Bosnia and
Herzegovina
75%
Costa Rica
75%
Fiji
75%
Guatemala
75%
Guinea
75%
Luxembourg
75%
Malta
75%
Somalia
75%
Angola
74%
Azerbaijan
74%
Honduras
74%
Moldova
74%
Myanmar
74%
North Macedonia
74%
Turkmenistan
74%
Zambia
74%
Zimbabwe
74%
Bhutan
73%
Central African Republic
73%
El Salvador
73%
Guyana
73%
Botswana
72%
Kyrgyzstan
72%
Lebanon
72%
Uganda
72%
Cameroon
71%
Kosovo
71%
Liberia
71%
Liechtenstein
71%
Monaco
71%
Montenegro
71%
Suriname
71%
Tajikistan
71%
Belize
70%
Senegal
70%
Singapore
70%
Togo
70%
Ivory Coast
69%
Kuwait
69%
Mozambique
69%
Namibia
69%
Rwanda
69%
San Marino
69%
Tanzania
69%
Lesotho
68%
Nicaragua
68%
Eritrea
67%
Barbados
66%
Benin
66%
Gambia
66%
Maldives
66%
Mauritania
66%
Bahrain
65%
Eswatini
65%
Gabon
65%
Malawi
65%
Seychelles
64%
Burkina Faso
63%
Djibouti
63%
Equatorial Guinea
62%
Saint Lucia
62%
Trinidad and Tobago
62%
Antigua and Barbuda
61%
Burundi
60%
Cape Verde
60%
Federated States of
Micronesia
60%
Mauritius
60%
Samoa
60%
Solomon Islands
60%
Tonga
60%
Tuvalu
60%
Brunei
59%
East Timor
59%
Kiribati
59%
Palau
59%
Guinea-Bissau
58%
Marshall Islands
58%
Nauru
58%
Sierra Leone
58%
Saint Kitts and Nevis
56%
Saint Vincent and the
Grenadines
56%
Vanuatu
56%
Comoros
55%
Grenada
55%
São Tomé and Príncipe
53%

Score Distribution

Percentile by Number Answered

Percent of People with Each Score

Your Score History

You have not taken this quiz